Teória optimálneho zdanenia príjmu

Saved in:
Bibliographic Details
Main Author: Mackových, Jaroslav
Other Authors: Kováč, Urban, Gerulová, Lukrécia, 1978-, Kováčová, Monika
Format: Book Chapter
Language:Slovak
Tags: Add Tag
No Tags, Be the first to tag this record!

MARC

LEADER 00000naa$a2200000$$$4500
001 0060867
005 20240502071657.9
041 0 |a slo 
044 |a SK 
245 1 0 |a Teória optimálneho zdanenia príjmu  |c Urban Kováč, Jaroslav Mackových, Lukrécia Gerulová, Monika Kováčová 
100 1 |a Mackových, Jaroslav 
700 1 |a Kováč, Urban 
700 1 |a Gerulová, Lukrécia, 1978- 
700 1 |a Kováčová, Monika